Countries That Beat Iran - Statistics

General Stats
  • This quiz has been taken 24 times
    8 since last reset
  • The average score is 9 of 16
Answer Stats
Competition Rank Answer % Correct
Highest population in the Middle East 2 Egypt
88%
Highest FIFA ranking in Asia 2 Japan
88%
Most crude oil 5 United States | Saudi Arabia | Russia | Canada
88%
Highest global IQ level 2 China
75%
Biggest country in Asia 6 China | India | Kazakhstan | Saudi Arabia | Indonesia
75%
Highest number of muslims 7 Indonesia | Pakistan | India | Bangladesh | Nigeria | Egypt
75%
Most natural gas reserves 2 Russia
75%
HIghest pistachio production 2 United States
75%
Most sheep 5 China | India | Australia | Nigeria
63%
Highest date production 4 Egypt | Saudi Arabia | Algeria
50%
Highest source of Swedish immigrants 5 Syria | Iraq | Finland | Somalia
50%
Oldest leader 3 Cameroon | Saudi Arabia
38%
Longest border with the Caspian Sea 4 Kazakhstan | Russia | Turkmenistan
38%
Most empires in history 3 China | India
25%
Highest pomegranate production 2 India
25%
Most Zinc reserves 2 Australia
13%
No matching quizzes found
Score Distribution
Percent of People with Each Score
Percentile by Number Answered
Your Score History
You have not taken this quiz since the last reset